| 000 | 00472nam a2200157 i 4500 | ||
|---|---|---|---|
| 001 | 49868 | ||
| 003 | ES-MaACL | ||
| 005 | 20230906162057.0 | ||
| 007 | t| | ||
| 008 | 030724s1909 fr ||||1| fre d | ||
| 100 | 1 |
_aCramaussel, Edmond. _941434 |
|
| 245 | 1 | 3 |
_aLe premier éveil intellectuel de l'enfant / _cpar Edmond Cramaussel. |
| 260 |
_aParis : _bFélix Alcan, _c1909 ( _eCoulommiers : _fPaul Brodard) |
||
| 300 |
_aIX, 200 p. ; _c19 cm. |
||
| 852 |
_aES-MaACL _jF-11966 |
||
| 999 |
_c49868 _d49868 |
||